Poésie populaire des grecs

I tiakina i:
Ngā taipitopito rārangi puna kōrero
Kaituhi matua: Zakhos, Emmanuel (Author)
Hōputu: Pukapuka
Reo:Wīwī
I whakaputaina: París Francois Maspero 1966
Rangatū:Voix, 14
Ngā marau:
Ngā Tūtohu: Tāpirihia he Tūtohu
Kāore He Tūtohu, Me noho koe te mea tuatahi ki te tūtohu i tēnei pūkete!

MARC

LEADER 00000nam a2200000 a 4500
001 UCY1881
003 CL-VaPUC
008 940927e19660000FR |||||||||||||||||fre|d
082 0 4 |a 881  |b ZAK  |2 21 
100 0 |a Zakhos, Emmanuel  |e author  |9 329937 
245 1 0 |a Poésie populaire des grecs 
300 |a 223 p 
942 |c BK 
945 |d 19940927 00:00:00  |a oaravena 
260 |a París  |b Francois Maspero  |c 1966 
650 7 |a POESIA POPULAR GRIEGA  |2 CL-VaPUC  |9 329938 
650 0 |a Historia y crítica   |9 257407 
583 |a last modification  |c 19940927 00:00:00  |k Rodrigo Vera 
490 0 |a Voix, 14 
999 |c 230459  |d 230457 
952 |0 0  |1 0  |4 0  |6 881_000000000000000_ZAK_1966  |7 0  |8 A  |9 232739  |a BIBART  |b BIBART  |d 2019-11-15  |i 3019861  |o 881 ZAK 1966  |p 3019861  |r 2025-03-13  |w 2019-11-15  |y BK  |k ART